• 首页
  • 本馆介绍
  • 公告通知
  • 最新文献
  • 馆藏检索
  • 电子资源
  • 读者导购
  • 参考咨询
  • 我的图书馆
  • 登录
  • 详细信息显示
  • 放入我的书架
  • 预约/预借图书
  • 作者相关作品
  • 分类相关作品
  • 丛书相关作品
  • 出版社相关作品

书目信息

  • 表格格式
  • 工作单格式
  • 卡片格式
题名:
秦汉史略
    
 
作者: 何兹全 著
分册:  
出版信息: 北京   北京出版社  2018
页数: 182页
开本: 18cm
丛书名: 大家小书
单 册:
中图分类: K232.09
科图分类:
主题词: 古代史--中国--秦汉时代--通俗读物
电子资源:
ISBN: 978-7-200-13078-2
000 01081oam2 2200265 450
001 012001001690
005 20140921103355.0
010    @a978-7-200-13078-2@b精装@dCNY39.00
100    @a20180513d2018 em y0chiy50 ea
101 0  @achi
102    @aCN@b110000
105    @ay z 000yy
106    @ar
200 1  @a秦汉史略@9qin han shi lue@f何兹全著
210    @a北京@c北京出版社@d2018
215    @a182页@d18cm
225 2  @a大家小书
314    @a何兹全 (1911-2011),男,山东菏泽人,著名历史学家。北京师范大学教授,博士生导师。毕业于北京大学史学系。1947年就读于美国哥伦比亚大学,后在霍普金斯大学培祗国际学院工作。1950年回国,执教于北京师范大学历史系,共发表学术文章八十余篇,出版学术专著十余部。
330    @a本书作者在书中对秦汉时期的历史政治、学术文化、社会风貌等进行了全面而提纲挈领式的叙述,书后还附有大事年表,重要事件和历史线索一目了然。
461  0 @12001 @a大家小书
606 0  @a古代史@y中国@z秦汉时代@j通俗读物
690    @aK232.09@v5
701  0 @a何兹全@9he zi quan@f(1911-2011)@4著
801  0 @aCN@b上海新华@c20180901
905    @b1152197-201@dK232.09@e85@f5
    
    秦汉史略/何兹全著.-北京:北京出版社,2018
    182页;18cm.-(大家小书)
    
    
    ISBN 978-7-200-13078-2(精装):CNY39.00
    本书作者在书中对秦汉时期的历史政治、学术文化、社会风貌等进行了全面而提纲挈领式的叙述,书后还附有大事年表,重要事件和历史线索一目了然。
●
相关链接 在E读中查询图书 在五车中查询图书 在当当中查询图书 在豆瓣中查询图书


正题名:秦汉史略     索取号:K232.09/85         预约/预借

序号 登录号 条形码 馆藏地/架位号 状态 备注
1 1152197   211521977   第二样本阅览室/ [索取号:K232.09/85] 在馆    
2 1152198   211521986   第二借阅区/ [索取号:K232.09/85] 在馆    
3 1152199   211521995   第二借阅区/ [索取号:K232.09/85] 在馆    
4 1152200   211522002   第二借阅区/ [索取号:K232.09/85] 在馆    
5 1152201   211522011   密集书库-史法系/ [索取号:K232.09/85] 在馆    
唐山师范学院图书馆 欢迎您!
大连网信软件有限公司© 版权所有